Dosiahnite úspech v biznise - s franchisingom
Franchiza, spôsob podnikania formou licencie pod známou značkou. Aktuálne trendy franchizových konceptov v roku 2019. Čo odlišuje úspešné siete od neúspešných. Rezervy v slovenskej legislatíve. Nedostatky pri rozbiehaní franchise konceptu. Tvdrá franchisa vs. mäkká a ich uplatnenie na Slovensku.
Salvato in:
| Natura: | Capitolo di libro |
|---|---|
| Lingua: | slovacco |
| Soggetti: | |
| Tags: |
Nessun Tag, puoi essere il primo ad aggiungerne!!
|
MARC
| LEADER | 00000naa a2200000 4500 | ||
|---|---|---|---|
| 001 | 0257521 | ||
| 005 | 20190812072839.9 | ||
| 041 | 0 | |a slo | |
| 044 | |a SK | ||
| 245 | 1 | 0 | |a Dosiahnite úspech v biznise - s franchisingom |
| 520 | |a Franchiza, spôsob podnikania formou licencie pod známou značkou. Aktuálne trendy franchizových konceptov v roku 2019. Čo odlišuje úspešné siete od neúspešných. Rezervy v slovenskej legislatíve. Nedostatky pri rozbiehaní franchise konceptu. Tvdrá franchisa vs. mäkká a ich uplatnenie na Slovensku. | ||
| 610 | 2 | 0 | |a franchising |
| 610 | 2 | 0 | |a franšíza |
| 610 | 2 | 0 | |a Slovensko |
| 610 | 2 | 0 | |a podnik |
| 610 | 2 | 0 | |a podnikanie |
| 610 | 2 | 0 | |a značky |
| 610 | 2 | 0 | |a legislatíva |
| 610 | 2 | 0 | |a siete obchodné |